| 000 | 00378nab a22001097u 4500 | ||
|---|---|---|---|
| 008 | 130520b2003 xxu||||| |||| 00| 0 spa d | ||
| 041 | _aspa | ||
| 100 | 1 |
_aJunker-Kenny, Maureen _910248 |
|
| 245 | 0 | 0 |
_a¿Necesita el concepto de dignidad humana una fundamentación teológica? _cMaureen Junker-Kenny |
| 773 | 0 |
_tConcilium _gnº300,2003,págs. 65-76 _x0210-1041 _wRev134 |
|
| 942 | _cAR | ||
| 999 |
_c363799 _d363799 |
||